000 00364nam a2200157Ia 4500
005 20250425161223.0
008 250425s9999 xx 000 0 und d
041 _aspa
082 _aIBM4381
245 0 _aINSECTOS; MOLUSCOS Y CRUSTACEOS DESTRUCTORES
250 _aS.E.
260 _aS.L.
260 _aSin Pais
_bMINI
_c1979
942 _c01
010 _a15461
999 _c204861
_d204861